Methods of administration assistances to the needy (Record no. 389445)

MARC details
000 -LEADER
fixed length control field 00783nam a2200241Ia 4500
003 - CONTROL NUMBER IDENTIFIER
control field OSt
005 - DATE AND TIME OF LATEST TRANSACTION
control field 20220924113155.0
008 - FIXED-LENGTH DATA ELEMENTS--GENERAL INFORMATION
fixed length control field 220923b |||||||| |||| 00| 0 eng d
037 ## - SOURCE OF ACQUISITION
Terms of availability Dictionary
040 ## - CATALOGING SOURCE
Original cataloging agency ARTS
Transcribing agency ARTS
Language of cataloging eng
041 ## - LANGUAGE CODE
Source of code eng
Language code of text/sound track or separate title eng
110 ## - MAIN ENTRY--CORPORATE NAME
Corporate name or jurisdiction name as entry element United Nations Social Affairs (Departmant of-). Secretary General of Programmes
9 (RLIN) 169628
245 #0 - TITLE STATEMENT
Title Methods of administration assistances to the needy
Remainder of title study in seven countries
260 ## - PUBLICATION, DISTRIBUTION, ETC.
Place of publication, distribution, etc. NA
Name of publisher, distributor, etc. NA
Date of publication, distribution, etc. 1952
650 ## - SUBJECT ADDED ENTRY--TOPICAL TERM
Topical term or geographic name entry element SOCIOLOGY
700 ## - ADDED ENTRY--PERSONAL NAME
Personal name United Nations Social Affairs (Departmant of-). Secretary General of Programmes
9 (RLIN) 169629
942 ## - ADDED ENTRY ELEMENTS (KOHA)
Classification part Y1:4:6, J2
Koha item type
Source of classification or shelving scheme
Holdings
Withdrawn status Lost status Damaged status Not for loan Home library Current library Date acquired Total Checkouts Full call number Barcode Date last seen Price effective from Koha item type
        Arts Library Arts Library 2022-09-24   Y1:4:6 J2 AL0174156 2022-09-24 2022-09-24  
Copyright @ Delhi University Library System